Rusʹ - Ukrai͏̈na: stanovlennja deržavnosti

Titel: Rusʹ - Ukrai͏̈na: stanovlennja deržavnosti : [u 2-ch t.] / Jurij Mirošnyčenko ; Serhij Udovik
Verfasser: ;
Veröffentlicht: Kyi͏̈v : Vakler
Format: Mehrteiliges Werk
Sprache: Ukrainisch
Schlagworte:
Bände: alle Bände anzeigen
Andere Ausgaben: Parallele Sprachausgabe russisch: Rusʹ-Ukraïna: stanovlenie gosudarstvennosti
Kein Bild verfügbar
X
alg: 42894122
001A    $03004:03-05-18 
001B    $01999:24-07-24 $t14:31:54.000 
001D    $03004:03-05-18 
001U    $0utf8 
001X    $00 
002@    $0Acu 
002C    $aText $btxt $2rdacontent 
002D    $aohne Hilfsmittel zu benutzen $bn $2rdamedia 
002E    $aBand $bnc $2rdacarrier 
003@    $0428941222 
007A    $0BV037369224 $aBVB 
010@    $aukr 
021A    $aRusʹ - Ukrai͏̈na: stanovlennja deržavnosti $T01 $d[u 2-ch t.] $ULatn $hJurij Mirošnyčenko ; Serhij Udovik 
021A    $aРусь - Україна: становлення державності $T01 $d[у 2-х т.] $UCyrl $hЮрій Мірошниченко ; Сергій Удовік 
027A    $aRusʹ-Ukraïna: stanovlennja deržavnosti 
028A    $BVerfasser $#Мирошниченко, Юрий $#Mirošnyčenko, Jurij Romanovyč $#Mirošnyčenko, Jurij R. $#Mirošnyčenko, Ju. R. $#Mirošničenko, Jurij $4aut $71069571555 $8Mirošnyčenko, Jurij$Z1970- [Tp3] $9357953479 
028C    $BVerfasser $#Удовік, Сергій Леонідович $#Udovik, Sergej Leonidovič $#Udovik, Sergej L. $#Udovik, S. L. $#Udovik, Sergey $#Udovik, Sergei $#Udovik, Sergej $#Udovik, Serhij L. $#Udovik, Serhij $#Udovik, Sergei Leonidovich $#Udovik, Serhii Leonidovych $#Udovik, Serhii $#Udovyk, Sergej $#Udovy, Sergej Leonidovič $#Udowik, Sergej $#Udovyk, Serhiy $#Удовик, Сергей Леонидович $#Удовик, С. Л. $#Удовик, Сергей $#Удовік, Сергій $#Удовік, С. Л. $4aut $71077458827 $8Udovik, Serhij Leonidovyč$Z1956- [Tp3] $9365288713 
033A    $pKyi͏̈v $T01 $ULatn $nVakler 
033A    $pКиїв $T01 $UCyrl $nВаклер 
039M    $aParallele Sprachausgabe $tRusʹ-Ukraïna: stanovlenie gosudarstvennosti $nrussisch 
044K    $qBVB $RUkrainische SSR $#Ukraine $#Ukraine $#Украïна $#Ukrainische SSR $#Ukrajina $#Ukraina $#Ukraïna Ukraine $#Ukraina Ukraine $#Ukrajna $74061496-7 $8Ukraine [Tgz] $9085170801 
045R    $aGeschichte 
045T    $a7,41 
046L    $aIn kyrillischer Schrift, ukrainisch 

lok: 42894122 24

exp: 42894122 24 1 #EPN
201B/01 $003-05-18 $t14:37:54.000 
201C/01 $003-05-18 
201U/01 $0utf8 
203@/01 $01021675032 
208@/01 $a03-05-18 $bda 
209B/01 $aFortsetzung abgeschlossen (050) $x09 
220C/01 $ajwa
LEADER 00000cam a2200000 ca4500
001 428941222
003 DE-603
005 20240724143154.0
007 tu
008 180503s xx |||| | u00||u|ukr c
035 |a (DE-599)BVBBV037369224 
040 |a DE-603  |b ger  |c DE-603  |d DE-603 
041 |a ukr 
084 |a 7,41  |2 ssgn 
100 1 |a Mirošnyčenko, Jurij  |d 1970-  |e Verfasser  |4 aut  |0 (DE-603)357953479  |0 (DE-588)1069571555  |2 gnd 
245 0 0 |6 880-01/Latn  |a Rusʹ - Ukrai͏̈na: stanovlennja deržavnosti  |b [u 2-ch t.]  |c Jurij Mirošnyčenko ; Serhij Udovik 
246 1 3 |a Rusʹ-Ukraïna: stanovlennja deržavnosti 
264 1 |6 880-02/Latn  |a Kyi͏̈v  |b Vakler 
336 |a Text  |b txt  |2 rdacontent 
337 |a ohne Hilfsmittel zu benutzen  |b n  |2 rdamedia 
338 |a Band  |b nc  |2 rdacarrier 
546 |a In kyrillischer Schrift, ukrainisch 
648 7 |a Geschichte  |2 gnd 
651 7 |a Ukraine  |0 (DE-588)4061496-7  |0 (DE-603)085170801  |2 gnd 
700 1 |a Udovik, Serhij Leonidovyč  |d 1956-  |e Verfasser  |4 aut  |0 (DE-603)365288713  |0 (DE-588)1077458827  |2 gnd 
775 0 8 |i Parallele Sprachausgabe  |n russisch  |t Rusʹ-Ukraïna: stanovlenie gosudarstvennosti 
880 1 |6 264-02/Cyrl  |a Київ  |b Ваклер 
880 0 0 |6 245-01/Cyrl  |a Русь - Україна: становлення державності  |b [у 2-х т.]  |c Юрій Мірошниченко ; Сергій Удовік 
924 0 |9 603  |a (DE-603)1021675032  |b DE-603  |c HES  |d d